Multiple Choice Quiz with A.I. Generated Questions - Statistics

General Stats
  • This quiz has been taken 21 times
  • The average score is 9 of 15
Answer Stats
Question Answer % Correct
What is the name of the fictional kingdom in “Frozen”? Arendelle
89%
Which TV show features the character Eleven? Stranger Things
84%
Which singer is known for the hit song “Shake It Off”? Taylor Swift
84%
In chess, which piece can only move diagonally? Bishop
79%
Which of the following is NOT a prime number? 33
74%
Which country has the most natural lakes? Canada
74%
Which gas is most abundant in Earth's atmosphere? Nitrogen
74%
Which planet is known for having the most prominent ring system? Saturn
68%
Which element has the highest melting point? Tungsten
63%
What is the capital city of Kazakhstan? Astana
58%
Who is the main character in the video game series “The Legend of Zelda”? Link
53%
Which organ in the human body is primarily responsible for filtering blood? Kidney
47%
What is the highest-value letter in Scrabble (standard English version)? Z
32%
Which country has the most official languages? Bolivia
11%
Which planet has the shortest day in the solar system? Jupiter
11%
No matching quizzes found
Score Distribution
Percent of People with Each Score
Percentile by Number Answered
Your Score History
You have not taken this quiz